[Event "Philadelphia opI"]
[Site "Philadelphia"]
[Date "1992.??.??"]
[Round "3"]
[White "Rohde, Michael A"]
[Black "Palatnik, Semon"]
[Result "1-0"]
[WhiteElo "2585"]
[BlackElo "2510"]
[PlyCount "89"]
[EventDate "1992.??.??"]
[EventType "swiss"]
[EventRounds "9"]
[EventCountry "USA"]
[SourceTitle "TD"]
[Source "ChessBase"]
[SourceDate "1994.03.01"]
[SourceVersion "1"]
[SourceVersionDate "1994.03.01"]
[SourceQuality "1"]

1. Nf3 f5 2. e4 fxe4 3. Ng5 d5 4. d3 e3 5. Bxe3 e5 6. d4 ({RR} 6. Be2 Be7 7. Bg4 Bxg5 8. Bxc8 Qxc8 9. Qh5+ g6 10. Qxg5 Nc6 11. O-O Nge7 12. f4 d4 13. Bd2 O-O 14. Na3 Rf5 15. Qg3 Qe6 16. Nc4 exf4 17. Bxf4 {½-½ (17) Weindl,A (2360)-Malaniuk,V (2500) Kecskemet 1991}) 6... exd4 7. Qxd4 Nc6 $146 ({RR} 7... Nf6 8. Bd3 Nc6 9. Qh4 Ne5 10. Be2 Ng6 11. Bh5 Bf5 12. Qf4 Qd7 13. Qe5+ Be7 14. Bxg6+ hxg6 15. Nc3 O-O-O 16. Nf7 Ng4 17. Qd4 c5 18. Qa4 Nxe3 19. Qxa7 Nxc2+ 20. Kd1 Nd4 21. Qa8+ Kc7 22. Qa5+ {Hernando Rodrigo,J (2275)-Fernandez Garcia,J (2465) El Vendrell 1996 0-1}) 8. Qh4 Bf5 9. Bb5 Be7 10. O-O Nf6 11. Nc3 O-O 12. Rad1 h6 13. Nxd5 Nxd5 14. Rxd5 Qe8 15. Bc4 Kh8 16. Qg3 Qg6 17. Rxf5 Qxf5 18. Ne6 Rf7 19. Nf4 Bd6 20. Bxf7 Qxf7 21. Qg6 Qxa2 22. Ne6 Bf8 23. b3 Qb2 24. Rd1 Rc8 25. h3 Qf6 26. Qxf6 gxf6 27. Nxf8 Rxf8 28. Rd7 Kg8 29. Rxc7 Rf7 30. Rxf7 Kxf7 31. Bxh6 Nd4 32. Be3 Nxc2 33. Bxa7 Na1 34. b4 Nc2 35. Bc5 b6 36. Bxb6 Nxb4 37. Kf1 Nd5 38. Bd4 Kg6 39. Ke2 f5 40. Be5 Kf7 41. g4 Ke6 42. Bb8 Kf6 43. Kf3 Kg5 44. Be5 Ne7 45. Kg3 1-0

[Event "RUS-chT 01st"]
[Site "Podolsk"]
[Date "1992.??.??"]
[Round "?"]
[White "Vladimirov, Yevgeniy"]
[Black "Gleizerov, Evgeny"]
[Result "1-0"]
[WhiteElo "2575"]
[BlackElo "2525"]
[PlyCount "67"]
[EventDate "1992.??.??"]
[EventType "team"]
[EventRounds "12"]
[EventCountry "RUS"]
[SourceTitle "EXT 2020"]
[Source "ChessBase"]
[SourceDate "2019.10.17"]
[SourceVersion "1"]
[SourceVersionDate "2019.10.17"]
[SourceQuality "1"]
[WhiteTeam "Moscow CSKA"]
[WhiteTeamCountry "RUS"]

1. Nf3 d5 2. c4 dxc4 3. e3 Nc6 4. Bxc4 e5 5. Nc3 Bd6 6. O-O Nf6 7. d4 O-O 8. h3 Qe7 $146 ({RR} 8... exd4 9. exd4 Bf5 10. Re1 Qd7 11. Bg5 Be7 12. Qd2 Rad8 13. Rad1 h6 14. Bf4 Bd6 15. Bxh6 gxh6 16. Qxh6 Nh7 17. Ng5 Bf4 18. Nxh7 Bxh6 19. Nf6+ Kg7 20. Nxd7 Rxd7 21. Bb5 Rxd4 22. Bxc6 Rxd1 23. Rxd1 {Stanisz,P (2199)-Reprintsev,A (2353) Chess.com INT 2022 0-1 (57)}) ({RR} 8... exd4 9. exd4 Bf5 10. Re1 Qd7 11. Bg5 Be7 12. Qd2 Rad8 13. Rad1 h6 14. Bf4 Bd6 15. Bxh6 gxh6 16. Qxh6 Nh7 17. Ng5 Bf4 18. Nxh7 Bxh6 19. Nf6+ Kg7 20. Nxd7 Rxd7 21. Bb5 Rxd4 22. Bxc6 Rxd1 23. Rxd1 {Stanisz,P (2199)-Reprintsev,A (2353) Chess.com INT 2022 0-1 (57)}) 9. a3 Bf5 10. b4 Rad8 11. Bb2 h6 12. Re1 e4 13. Nd2 Nb8 14. f3 Nbd7 15. Rf1 Nb6 16. Bb3 Rde8 17. Rc1 exf3 18. Qxf3 Bd3 19. Rfe1 Ne4 20. Ndxe4 Bxe4 21. Nxe4 Qxe4 22. b5 Kh8 23. a4 f5 24. Qxe4 fxe4 25. Rf1 Bg3 26. Ba3 Rf6 27. Bf7 Rxf7 28. Rxf7 Nd5 29. Rcf1 Re6 30. Rd7 Nxe3 31. Rf8+ Kh7 32. Rff7 Nf5 33. Rxf5 e3 34. Rff7 1-0

[Event "Reno op"]
[Site "Reno"]
[Date "1992.??.??"]
[Round "3"]
[White "Kaidanov, Gregory S"]
[Black "Gurevich, Ilya"]
[Result "1-0"]
[WhiteElo "2555"]
[BlackElo "2510"]
[PlyCount "75"]
[EventDate "1992.??.??"]
[EventType "swiss"]
[EventRounds "6"]
[EventCountry "USA"]
[SourceTitle "EXT 1997"]
[Source "ChessBase"]
[SourceDate "1996.11.15"]
[SourceVersion "1"]
[SourceVersionDate "1996.11.15"]
[SourceQuality "1"]

1. Nf3 Nf6 2. g3 g6 3. Bg2 Bg7 4. O-O d5 5. d3 O-O 6. Nbd2 c5 7. e4 Nc6 8. Re1 e6 9. c3 b6 10. exd5 Nxd5 ({RR} 10... exd5 11. Nb3 a5 12. a4 Bf5 13. Bf4 Ra7 14. d4 Ne4 15. dxc5 Nxc5 16. Nbd4 Nxd4 17. Nxd4 Bxd4 18. Qxd4 Ne6 19. Qd2 Nxf4 20. Qxf4 Rd7 21. Rad1 Bc2 22. Rd4 Bb3 23. h4 h5 24. Qd2 Rd6 25. Re5 {Bachmann,A (2621)-Libiszewski,F (2520) Stockholm 2016 ½-½ (45)}) 11. Nc4 ({RR} 11. Ne4 h6 12. Qc2 Bb7 13. Ned2 Rc8 14. Nc4 Ba6 15. Bd2 Nde7 16. Rad1 Qd7 17. Bf4 Rfd8 18. Nfe5 Nxe5 19. Nxe5 Qe8 20. h4 h5 21. Qc1 Nf5 22. Be4 Qa4 23. a3 Nd6 24. Bc6 Bb5 25. Bg2 Be8 {Begmuratov,K (2429)-Gutierrez Olivares,D (2354) chess.com INT 2024 1-0 (40)}) 11... Qc7 12. a4 Ba6 13. Na3 $146 ({RR} 13. Qb3 Rad8 14. Nfd2 Nde7 15. Qc2 Qd7 16. Bf1 Qd5 17. a5 Bb7 18. Ne4 f5 19. axb6 fxe4 20. dxe4 Qd7 21. bxa7 Qc7 22. Qb3 Ba8 23. Be3 Nxa7 24. Qb6 Qxb6 25. Nxb6 Nac6 26. Bxc5 Kf7 27. f4 g5 {Todorcevic,M (2480)-Gluzman,M (2400) Belgrade 1991 1-0 (46)}) ({RR} 13. Qc2 Rad8 14. Bg5 f6 15. Bd2 e5 16. Rad1 Kh8 17. Bc1 Bc8 18. Ne3 Nxe3 19. Bxe3 Ne7 20. Qb3 Bb7 21. Qc2 Ba6 22. Bc1 Rd6 23. Bf1 Rfd8 24. Nh4 Qd7 25. f4 Nc6 26. Nf3 c4 27. d4 exd4 {House,G (2229)-Kobo,O (2427) Douglas 2015 0-1 (64)}) 13... Rad8 14. Nb5 Qd7 15. d4 cxd4 16. cxd4 h6 17. Bd2 Nde7 18. Qc1 Nf5 19. d5 exd5 20. Bh3 Bb7 21. Nh4 Nce7 22. Bb4 Rc8 23. Qb1 Qd8 24. Nxf5 Nxf5 25. Bxf5 gxf5 26. Nd6 Qf6 27. Nxb7 Rfe8 28. Nd6 Rxe1+ 29. Qxe1 Rc2 30. Ne8 Qxb2 31. Nxg7 Kxg7 32. Rb1 Qd4 33. Rd1 Qe4 34. Qxe4 dxe4 35. a5 Rc4 36. Bd2 b5 37. Be3 a6 38. Rd6 1-0

[Event "San Sebastian op"]
[Site "San Sebastian"]
[Date "1992.??.??"]
[Round "?"]
[White "Azmaiparashvili, Zurab"]
[Black "Moskalenko, Viktor"]
[Result "1-0"]
[WhiteElo "2610"]
[BlackElo "2505"]
[PlyCount "61"]
[EventDate "1992.??.??"]
[EventType "swiss (rapid)"]
[EventRounds "9"]
[EventCountry "ESP"]
[SourceTitle "EXT 2002"]
[Source "ChessBase"]
[SourceDate "2001.11.25"]
[SourceVersion "1"]
[SourceVersionDate "2001.11.25"]
[SourceQuality "1"]

1. g3 {Horn,Peter} d5 2. Bg2 c6 3. d3 Nf6 4. Nd2 e5 5. e4 dxe4 6. dxe4 Bg4 7. Ngf3 Nbd7 8. O-O Bc5 9. a4 ({RR} 9. Qe1) ({RR} 9. c3) ({RR} 9. h3) ({RR} 9. Qe2) ({RR} 9. Re1 O-O 10. c3 a5 11. a4 Qb6 12. Rf1 Rad8 13. Qc2 Qa6 14. h3 Bh5 15. g4 Bg6 16. Nh4 Nb6 17. Re1 Nc8 18. Nf5 Rfe8 19. Bf1 Qa7 20. Nc4 Nd6 21. Ncxd6 Bxd6 22. Be3 Bc5 23. Bxc5 Qxc5 {Chappaz,M (1854)-Juksta,K (2400) Biel SUI 2024 0-1 (39)}) ({RR} 9. Nc4 O-O 10. h3 Bh5 11. Qd3 Qc7 12. Bg5 Rfe8 13. a4 h6 14. Bd2 Rad8 15. Qe2 b5 16. Ba5 Nb6 17. Ncd2 b4 18. c3 bxc3 19. Bxc3 Bd4 20. a5 Nbd5 21. Bb4 Ne7 22. Rfd1 Qc8 23. Qa6 {1-0 (23) Azmaiparashvili,Z (2465)-Neverov,V (2465) Tallinn 1986}) 9... a5 ({RR} 9... O-O 10. h3 Bh5 ({RR} 10... Bxf3 11. Bxf3) 11. a5 Qc7 12. Qe2 b5 ({RR} 12... Rfe8) 13. Nb3 Be7 14. g4 Bg6 15. Nh4 Nc5 ({RR} 15... Bxe4 16. Bxe4 Nxe4 17. Qxe4 Bxh4 18. g5) 16. Nf5 ({RR} 16. Nxc5 Bxc5) 16... Ne6 ({RR} 16... Nxb3 17. cxb3 a6 18. Be3) 17. Be3 Rab8 ({RR} 17... Rfe8) ({RR} 17... Nf4) 18. c4 Rfe8 ({RR} 18... bxc4 19. Qxc4 Rb4 20. Qxc6 Bxf5 21. exf5 Qxc6 22. Bxc6 Nd8 23. Ba4) ({RR} 18... Rfd8) 19. Rfc1 b4 20. c5 Bf8 21. Qc4 Red8 22. Rd1 h5 23. g5 Nd5 24. exd5 {Vaganian,R (2590)-Adams,M (2620) Ter Apel 1992 CBM 030 [Horn,Peter] 1-0 (32)}) 10. Qe1 ({RR} 10. h3 Bh5 11. c3) 10... O-O 11. Nc4 $146 ({RR} 11. h3 Bh5 12. Nh4 Re8 13. Nb3 Bb4 14. Qe3 Qb6 15. g4 Bg6 16. Nxg6 hxg6 17. Rd1 Qc7 18. Bf1 Nf8 19. c3 Bd6 20. f3 Ne6 21. Qf2 Reb8 22. Be3 b5 23. axb5 cxb5 24. Nxa5 b4 25. Nc4 Rxa1 {Eidelson,R (2268)-Van Weersel,A (2158) Kishinev 2005 ½-½ (59)}) 11... Qc7 12. Bd2 b6 13. Bc3 Rfe8 14. h3 Bxf3 15. Bxf3 Bd4 16. Bg2 Rad8 17. Rd1 Bxc3 18. Qxc3 Nc5 19. Nxa5 Rd4 20. Rxd4 exd4 21. Qc4 Ncxe4 22. Qxc6 Qd8 23. Nc4 Re6 24. Qb5 h5 25. b4 h4 26. g4 d3 27. cxd3 Qxd3 28. Qc5 Qd4 29. a5 bxa5 30. bxa5 Ng5 31. a6 1-0

[Event "Bern op"]
[Site "Bern"]
[Date "1992.??.??"]
[Round "3"]
[White "Kengis, Edvins"]
[Black "Yakovich, Yuri"]
[Result "1-0"]
[WhiteElo "2575"]
[BlackElo "2525"]
[PlyCount "75"]
[EventDate "1992.02.??"]
[EventType "swiss"]
[EventRounds "9"]
[EventCountry "SUI"]
[SourceTitle "CBM 028"]
[Source "ChessBase"]
[SourceDate "1992.06.01"]
[SourceVersion "1"]
[SourceVersionDate "1992.06.01"]
[SourceQuality "1"]

1. Nf3 {Gabuzyan,Hovhannes} d5 2. g3 Bg4 3. Bg2 Nd7 4. d4 e6 5. O-O c6 6. Nbd2 Bd6 ({RR} 6... Ngf6 7. Re1 Be7 8. e4 dxe4 ({RR} 8... O-O 9. e5 Ne8 10. c3) 9. Nxe4 Nxe4 10. Rxe4 Nf6 11. Re1) 7. e4 Ne7 8. h3 ({RR} 8. e5 Bc7 9. h3 Bh5 10. b3 c5 11. c3 Nc6 12. g4 Bg6 13. Ba3 O-O 14. Re1 f6 15. exf6 Qxf6 16. Qe2 Rae8 17. Nf1 b6 18. Rad1 Be4 19. N1d2 Bc2 20. Rc1 Bg6 21. Nf1 e5 22. dxe5 Ndxe5 {Brzezina,P (2346)-Tang,A (2502) chess.com INT 2024 0-1 (67)}) 8... Bh5 9. Re1 O-O 10. c3 Bc7 $146 ({RR} 10... Rc8 11. Qb3 {½-½ (11) Hulak,K (2553)-Kovacevic,V (2501) Sibenik 2002} ({RR} 11. b3 b6 12. Bb2 f5 13. e5)) ({RR} 10... Rc8 11. Qb3 b6 12. c4 Bb8 13. Qa3 Nf6 ({RR} 13... dxc4 14. Nxc4 c5) 14. cxd5 cxd5 15. e5 Nd7 16. Nf1 Nc6 17. Bg5 Qe8 ({RR} 17... f6 18. exf6 Nxf6 19. N1h2 ({RR} 19. Rxe6 Bxf3 20. Bxf3 Nxd4)) 18. N1d2 a5 19. Rac1 h6 ({RR} 19... Nb4 20. Rxc8 Qxc8 21. Qb3) 20. Rxc6 Rxc6 21. Be7 Qc8 22. Bxf8 Nxf8 23. Bf1 Rc1 24. Kg2 Bg6 25. Re3 {Gabuzyan,H (2570)-Jobava,B (2713) Minsk 2017 CBM 205 Extra [Gabuzyan,Hovhannes] 1-0 (74)}) 11. a4 c5 12. exd5 Nxd5 13. Nc4 Rc8 14. Qb3 cxd4 15. cxd4 Bxf3 16. Bxf3 Qf6 17. Bxd5 exd5 18. Ne3 Qe6 19. Qxd5 Qxh3 20. Qf5 Qxf5 21. Nxf5 Rcd8 22. Bd2 g6 23. Rac1 Bb6 24. Ne7+ Kg7 25. Bc3 Rfe8 26. Nd5 a6 27. a5 Ba7 28. Nc7 Rxe1+ 29. Rxe1 Bb8 30. d5+ Kh6 31. Ne8 g5 32. d6 Kg6 33. Kg2 h5 34. Bd4 Nf8 35. Bb6 Rd7 36. Re7 f5 37. Bd4 Kh6 38. Bg7+ 1-0

[Event "Cappelle op 08th"]
[Site "Cappelle la Grande"]
[Date "1992.??.??"]
[Round "7"]
[White "Pigusov, Evgeny"]
[Black "Kuczynski, Robert"]
[Result "1-0"]
[WhiteElo "2550"]
[BlackElo "2500"]
[PlyCount "123"]
[EventDate "1992.02.??"]
[EventType "swiss"]
[EventRounds "9"]
[EventCountry "FRA"]
[SourceTitle "EXT 1997"]
[Source "ChessBase"]
[SourceDate "1996.11.15"]
[SourceVersion "1"]
[SourceVersionDate "1996.11.15"]
[SourceQuality "1"]

1. Nf3 d5 2. g3 c6 3. Bg2 Bg4 4. d3 Nd7 5. O-O Ngf6 6. h3 Bh5 7. c4 dxc4 ({RR} 7... Bxf3 8. Bxf3 dxc4 9. dxc4 Ne5 10. Qb3 Nxf3+ 11. Qxf3 g6 12. Qb3 Qc8 13. Kg2 Bg7 14. Qa3 O-O 15. Nd2 Qe6 16. Qf3 Rfd8 17. Rb1 Rd7 18. b3 Rad8 19. Rb2 h5 20. Rc2 g5 21. Re1 g4 22. hxg4 {Ponkratov,P (2631)-So,W (2770) Chess.com INT 2020 0-1 (58)}) 8. dxc4 e5 9. Be3 $146 ({RR} 9. Nc3 Qc7 10. Be3 Bc5 11. Qc1 O-O 12. Bxc5 Nxc5 13. b4 Ne6 14. e3 Rfd8 15. Qb2 Rd3 16. Rfc1 Rad8 17. Ne1 Rd2 18. Rc2 R2d7 19. Nd5 cxd5 20. cxd5 Qb6 21. dxe6 Qxe6 22. Rac1 Bg6 23. Rc8 Be4 {Kanyadi,Z (2113)-Varga,P (2373) Hungary 2018 ½-½}) ({RR} 9. Nc3 Be7 10. Qc2 O-O 11. Nh4 Re8 12. g4 Bg6 13. Nxg6 hxg6 14. Be3 Qc7 15. Rfd1 Nc5 16. b4 Ne6 17. c5 Rad8 18. Rxd8 Rxd8 19. Rd1 Nd4 20. Qb2 Nh7 21. Bxd4 exd4 22. Ne4 f5 23. gxf5 gxf5 {Tabuenca Mendataurigoitia,D (2360)-Tin,J (2573) chess.com INT 2024 0-1 (65)}) ({RR} 9. Nc3 Bc5 10. Nh4 O-O 11. Na4 Be7 12. Nf5 Bg6 13. Nxe7+ Qxe7 14. Qb3 Rab8 15. Be3 b5 16. cxb5 cxb5 17. Nc3 a6 18. a3 b4 19. Nd5 Nxd5 20. Qxd5 bxa3 21. bxa3 Nb6 22. Qb3 Qe6 23. Qxe6 fxe6 {Urban,K (2467)-Kuczynski,R (2451) Plock 2000 ½-½ (42)}) ({RR} 9. Nc3 Bc5 10. Qc2 Bg6 11. e4 O-O 12. Rd1 Qc7 13. a3 a5 14. Nh4 Rfd8 15. Nf5 Bxf5 16. exf5 Bd4 17. Ne2 Nc5 18. Nxd4 exd4 19. Bf4 Qb6 20. Bf1 Nfe4 21. Qe2 Nf6 22. Qc2 a4 23. Be5 Nb3 {Wockenfuss,K (2400)-King,D (2475) Germany 1987 0-1 (47)}) 9... Be7 10. Nc3 O-O 11. a3 a5 12. Nh4 Bg6 13. Nxg6 hxg6 14. Qb3 Qc7 15. Na4 Rad8 16. Rad1 Nh7 17. c5 Ng5 18. h4 Ne6 19. Qc4 Bf6 20. Be4 Rfe8 21. Kg2 Ndf8 22. Bb1 Qe7 23. Nc3 Nd4 24. Ne4 Nfe6 25. Bd2 a4 26. e3 Nb3 27. Bb4 Rxd1 28. Rxd1 Rd8 29. Rxd8+ Qxd8 30. Nd6 Qd7 31. Bc2 Be7 32. Bxb3 axb3 33. Qxb3 b6 34. Bc3 Bxd6 35. cxd6 Qxd6 36. Qxb6 Qd5+ 37. Kh2 Qf3 38. e4 c5 39. Kg1 Qxe4 40. Qb8+ Kh7 41. Qxe5 Qb1+ 42. Kg2 Qa2 43. Qe4 f5 44. Qe5 Qc4 45. a4 f4 46. g4 Nd4 47. Qxf4 Qxa4 48. Qe4 Kh8 49. Bxd4 cxd4 50. Qxg6 Qd7 51. Qf5 Qb7+ 52. Qf3 Qxb2 53. Qa8+ Kh7 54. Qe4+ Kg8 55. g5 Kf7 56. h5 Qd2 57. Qg6+ Kf8 58. h6 Qf4 59. Qxg7+ Ke8 60. f3 Qd2+ 61. Kh3 Qf2 62. Qe5+ 1-0

[Event "Cappelle op 08th"]
[Site "Cappelle la Grande"]
[Date "1992.??.??"]
[Round "9"]
[White "Hodgson, Julian M"]
[Black "Goldin, Alexander"]
[Result "1-0"]
[WhiteElo "2545"]
[BlackElo "2595"]
[PlyCount "77"]
[EventDate "1992.02.??"]
[EventType "swiss"]
[EventRounds "9"]
[EventCountry "FRA"]
[SourceTitle "EXT 1997"]
[Source "ChessBase"]
[SourceDate "1996.11.15"]
[SourceVersion "1"]
[SourceVersionDate "1996.11.15"]
[SourceQuality "1"]

1. Nf3 Nf6 2. g3 d5 3. Bg2 c6 4. d3 Bg4 5. Nbd2 Nbd7 6. h3 Bxf3 7. Nxf3 g6 8. O-O Bg7 9. Qe1 O-O 10. e4 dxe4 11. dxe4 Nc5 12. e5 Nd5 13. b4 $146 ({RR} 13. h4 Qc7 14. h5 a5 15. Qe2 Qd7 16. Qc4 Ne6 17. Bd2 Rfd8 18. Rad1 Qc7 19. Bh3 Nf8 20. Rfe1 b5 21. Qe4 e6 22. c4 bxc4 23. Qxc4 Qb6 24. Bc1 Qb4 25. Qc2 c5 26. Ng5 c4 27. Bg2 Rac8 {Gutman,L (2485)-Pritchett,C (2395) Germany 1985 1-0 (33)}) 13... Ne6 14. c4 Nb6 15. Qe4 Qd7 16. a4 f5 17. exf6 exf6 18. Qc2 f5 19. Ra2 Rad8 20. a5 Nc8 21. a6 b6 22. Bb2 c5 23. Ne5 Qd2 24. Qb1 Qd6 25. Nc6 Rd7 26. Bd5 Kh8 27. Re1 Nc7 28. bxc5 bxc5 29. Bg2 Ne6 30. Qa1 Nb6 31. Be5 Bxe5 32. Rxe5 Ng7 33. Bd5 Nxd5 34. cxd5 Qf6 35. Qc1 Qd6 36. Rb2 f4 37. g4 Ne8 38. Rb7 Nf6 39. Qxf4 1-0

[Event "Ter Apel"]
[Site "Ter Apel"]
[Date "1992.??.??"]
[Round "2"]
[White "Vaganian, Rafael A"]
[Black "Adams, Michael"]
[Result "1-0"]
[WhiteElo "2590"]
[BlackElo "2620"]
[Annotator "Horn,Peter"]
[PlyCount "63"]
[EventDate "1992.03.??"]
[EventType "tourn"]
[EventRounds "5"]
[EventCountry "NED"]
[EventCategory "14"]
[SourceTitle "CBM 030"]
[Source "ChessBase"]
[SourceDate "1992.10.01"]
[SourceVersion "1"]
[SourceVersionDate "1992.10.01"]
[SourceQuality "1"]

1. Nf3 Nf6 2. g3 d5 3. Bg2 c6 4. O-O Bg4 5. d3 Nbd7 6. Nbd2 e5 7. e4 dxe4 8. dxe4 Bc5 9. a4 {Hier neu, aber in ähnlicher Form üblich} (9. Qe1) (9. c3) (9. h3) (9. Qe2) ({RR} 9. Re1 O-O 10. c3 a5 11. a4 Qb6 12. Rf1 Rad8 13. Qc2 Qa6 14. h3 Bh5 15. g4 Bg6 16. Nh4 Nb6 17. Re1 Nc8 18. Nf5 Rfe8 19. Bf1 Qa7 20. Nc4 Nd6 21. Ncxd6 Bxd6 22. Be3 Bc5 23. Bxc5 Qxc5 {Chappaz,M (1854)-Juksta,K (2400) Biel SUI 2024 0-1 (39)}) 9... O-O (9... a5 10. h3 (10. Qe1) 10... Bh5 11. c3 { c2 Vaganian}) ({RR} 9... a5 10. Qe1 O-O 11. Nc4 Qc7 12. Bd2 b6 13. Bc3 Rfe8 14. h3 Bxf3 15. Bxf3 Bd4 16. Bg2 Rad8 17. Rd1 Bxc3 18. Qxc3 Nc5 19. Nxa5 Rd4 20. Rxd4 exd4 21. Qc4 Ncxe4 22. Qxc6 Qd8 23. Nc4 Re6 24. Qb5 {Azmaiparashvili,Z (2610)-Moskalenko,V (2505) San Sebastian 1992 1-0 (31)}) ({RR} 9... a5 10. h3 Bh5 11. Qe1 O-O 12. Nc4 Qc7 13. Bd2 b6 14. Nh4 Rfe8 15. Nf5 Bg6 16. Rd1 Bxf5 17. exf5 Nd5 18. Ne3 N7f6 19. Nxd5 Nxd5 20. Qe4 Rac8 21. Qc4 e4 22. Bxe4 Qxg3+ 23. Bg2 Qe5 24. c3 {Vaganian,R (2615)-Fahnenschmidt,G (2370) Germany 1992 ½-½ (32)}) 10. h3 Bh5 (10... Bxf3 11. Bxf3 $14) 11. a5 $5 Qc7 $146 ({RR} 11... Re8 12. Qe2 Bf8 13. Rd1 Qc7 14. Nb3 Nc5 15. Nxc5 Bxc5 16. Qc4 Bf8 17. g4 Bg6 18. Nh4 b5 19. axb6 axb6 20. Rxa8 Rxa8 21. Nf5 Ra1 22. Bf3 b5 23. Qd3 Nd7 24. Qxd7 Qxd7 25. Rxd7 Rxc1+ 26. Bd1 {Nureev,G (2421)-Nikolenko,O (2524) Moscow 2000 ½-½ (38)}) 12. Qe2 b5 $6 (12... Rfe8 $5) 13. Nb3 Be7 14. g4 Bg6 15. Nh4 Nc5 (15... Bxe4 $2 16. Bxe4 Nxe4 17. Qxe4 Bxh4 18. g5 $18) 16. Nf5 (16. Nxc5 $2 Bxc5 $15) 16... Ne6 {×f4} (16... Nxb3 17. cxb3 a6 18. Be3 $16) 17. Be3 Rab8 (17... Rfe8) (17... Nf4) 18. c4 $1 Rfe8 (18... bxc4 19. Qxc4 Rb4 20. Qxc6 Bxf5 21. exf5 Qxc6 22. Bxc6 Nd8 23. Ba4 $18 {Vaganian}) (18... Rfd8 $1 {Vaganian}) 19. Rfc1 $1 $16 b4 20. c5 Bf8 21. Qc4 Red8 22. Rd1 h5 23. g5 Nd5 24. exd5 cxd5 25. Rxd5 Rxd5 $2 (25... Bxf5 $16) 26. Nh4 $18 Rxc5 (26... Rdd8 27. Nxg6 fxg6 28. Qxe6+ $18) 27. Nxc5 Bxc5 28. Nxg6 Qd6 29. Bxc5 Nxc5 30. Qd5 Qxd5 31. Bxd5 Rd8 32. Rd1 1-0

[Event "Neu Isenburg op"]
[Site "Neu Isenburg"]
[Date "1992.04.26"]
[Round "10"]
[White "Gavrikov, Viktor"]
[Black "Sveshnikov, Evgeny"]
[Result "1-0"]
[WhiteElo "2560"]
[BlackElo "2560"]
[PlyCount "153"]
[EventDate "1992.04.24"]
[EventType "swiss (rapid)"]
[EventRounds "11"]
[EventCountry "GER"]
[SourceTitle "EXT 2003"]
[Source "ChessBase"]
[SourceDate "2002.11.25"]
[SourceVersion "1"]
[SourceVersionDate "2002.11.25"]
[SourceQuality "1"]

1. g3 d5 2. Bg2 e5 3. d3 Nc6 4. c3 Nf6 5. Nf3 Be7 6. O-O O-O 7. Nbd2 e4 8. dxe4 dxe4 9. Nd4 Nxd4 10. cxd4 Bf5 11. Qc2 $146 ({RR} 11. Nc4 h6 12. Be3 Qd5 13. Qb3 a5 14. Nd2 Qxb3 15. Nxb3 a4 16. Nd2 Rfd8 17. Rac1 c6 18. Nc4 Nd5 19. Bd2 Bg6 20. a3 Bf5 21. Rfd1 Bf8 22. h3 h5 23. Bg5 f6 24. Bd2 g6 25. Kh2 Kg7 {Roos,D (2420)-Godena,M (2487) France 2002 ½-½}) ({RR} 11. Nc4 Qc8 12. Bg5 Bh3 13. Bxf6 Bxf6 14. e3 Bxg2 15. Kxg2 Qf5 16. Qb3 b6 17. Qc2 Rfe8 18. Rac1 Rad8 19. Rfd1 c6 20. Nd2 Re6 21. Kg1 Be7 22. Qa4 Rf6 23. Rf1 Rh6 24. f3 exf3 25. Nxf3 Qe4 {Poletov,V (2329)-Kurilin,A (2300) Tula 2010 ½-½ (32)}) 11... Qxd4 12. Qxc7 Bb4 13. Nb3 Qd7 14. Qxd7 Nxd7 15. Bf4 Nf6 16. Rfd1 Rfd8 17. a3 Be7 18. Na5 Rxd1+ 19. Rxd1 b6 20. Nc6 Kf8 21. h3 Bd7 22. Nxe7 Kxe7 23. Bd6+ Ke8 24. Be5 Rc8 25. Bxf6 gxf6 26. Bxe4 Bxh3 27. Bxh7 Be6 28. Be4 Ke7 29. f3 Rc5 30. Kf2 a5 31. Ke3 Rg5 32. Kf4 Rb5 33. Rd2 Rc5 34. g4 Rc4 35. Ke3 Rc5 36. Rd1 Rb5 37. Rd2 Rc5 38. Bd3 Re5+ 39. Kd4 Rd5+ 40. Ke3 Re5+ 41. Kf4 Rc5 42. Ke3 Re5+ 43. Be4 Rc5 44. Kd4 Rc4+ 45. Kd3 Rc5 46. Ke3 Rc8 47. Rd4 Rc5 48. Bd3 Re5+ 49. Kd2 Rc5 50. e3 Rc8 51. Be2 Rh8 52. e4 Rc8 53. Ba6 Rc5 54. Bd3 Rc8 55. Bc2 Rh8 56. Bd1 Rh2+ 57. Be2 Rh8 58. Ke3 Rc8 59. Rd2 Bb3 60. f4 Rc1 61. f5 Rg1 62. Bf3 Rc1 63. Kf4 Rc2 64. Rxc2 Bxc2 65. e5 fxe5+ 66. Kxe5 f6+ 67. Kf4 Bb3 68. g5 fxg5+ 69. Kxg5 b5 70. f6+ Kf8 71. Kf5 b4 72. axb4 axb4 73. Ke5 Bc2 74. Bd5 Ke8 75. Kd6 b3 76. Be6 Kf8 77. Kc5 1-0

[Event "Neu Isenburg op"]
[Site "Neu Isenburg"]
[Date "1992.04.26"]
[Round "10"]
[White "Vaganian, Rafael A"]
[Black "Hector, Jonny"]
[Result "1-0"]
[WhiteElo "2590"]
[BlackElo "2535"]
[PlyCount "75"]
[EventDate "1992.04.24"]
[EventType "swiss (rapid)"]
[EventRounds "11"]
[EventCountry "GER"]
[SourceTitle "EXT 2003"]
[Source "ChessBase"]
[SourceDate "2002.11.25"]
[SourceVersion "1"]
[SourceVersionDate "2002.11.25"]
[SourceQuality "1"]

1. Nf3 {Horn,Peter} d5 2. g3 c6 3. Bg2 Bg4 4. d3 Nd7 5. O-O e6 6. b3 Bd6 ({RR} 6... Be7 7. Bb2 Bf6 8. d4 Be7 ({RR} 8... h5 9. Nbd2 h4 10. e4 hxg3 11. hxg3 Bg5 12. Qe1 Bxd2 13. Nxd2 Ne7 ({RR} 13... Qg5) 14. c4) ({RR} 8... Bxf3 9. Bxf3 Ne7 10. e4 dxe4 11. Bxe4 O-O 12. Nd2 Qc7 13. c4 c5 14. Qc2 Ng6 15. d5 ({RR} 15. Nf3) 15... exd5 16. Bxd5 Bxb2 17. Qxb2 Nf6 18. Bg2 Rad8) 9. Nbd2 Ngf6 10. Re1 O-O 11. e4 dxe4 12. Nxe4 Nxe4 13. Rxe4 Bf5 14. Re3 a5 15. a3 Bf6 16. Qe2 Qc7 17. c4 Bg4 18. h3 Bxf3 19. Bxf3 Rad8 20. Rd1 Nb6 21. a4 {Vaganian,R (2645)-Razuvaev,Y (2585) Reggio Emilia 1995 ½-½}) ({RR} 6... Qf6 7. d4 ({RR} 7. c3) 7... Bd6 8. c4 Qe7 9. Nc3 f5 10. Qc2 ({RR} 10. Bb2 Nh6) ({RR} 10. cxd5 exd5 11. h3) 10... Ngf6 ({RR} 10... dxc4 11. bxc4 e5 12. Rb1) 11. cxd5 exd5 ({RR} 11... cxd5 12. Nb5) ({RR} 11... Nxd5) 12. h3 Bxf3 13. exf3 O-O ({RR} 13... g6 14. Bh6 ({RR} 14. Bf4 Nf8 15. Rfe1 Ne6 16. Bxd6 Qxd6 17. Qe2 Kf7) 14... O-O-O ({RR} 14... Nf8 15. Rfe1 Ne6 16. Re3) 15. Rfe1 Qf7 16. b4 Rhe8 ({RR} 16... Kb8 17. b5) ({RR} 16... Bxb4 17. Nb5 a6 18. Reb1 Bc5 ({RR} 18... axb5 19. Rxb4) 19. dxc5 axb5 20. a4) 17. b5) 14. Qxf5 Ne8 ({RR} 14... Rae8) 15. Qd3 ({RR} 15. Qg5 Qxg5 16. Bxg5 h6 17. Bd2 g5 18. h4) 15... g5 16. Qe3 h6 ({RR} 16... Qxe3 17. fxe3 ({RR} 17. Bxe3) 17... Bxg3 18. e4 dxe4 19. Nxe4 ({RR} 19. Bxg5)) 17. Qxe7 Bxe7 18. f4 Bf6 19. Ne2 ({RR} 19. Rd1 Ng7 20. Ba3 Rfe8 21. fxg5 hxg5 22. Bf3 Nf8 23. Rac1 Nfe6 24. Ne2 Nf5 25. Bb2 Re7) 19... Ng7 20. Be3 Nf5 21. Rad1 {Vaganian,R (2615)-Minasian,A (2580) Yerevan 1996 CBM 053 [Horn,Peter] 1-0 (58)}) ({RR} 6... Be7 7. Bb2 Bf6 8. d4 Be7 9. Nbd2 Ngf6 10. Re1 O-O 11. e4 dxe4 12. Nxe4 Nxe4 13. Rxe4 Bf5 14. Re3 a5 15. a3 Bf6 16. Qe2 Qc7 17. c4 Bg4 18. h3 Bxf3 19. Bxf3 Rad8 20. Rd1 Nb6 21. a4) 7. Bb2 Ne7 $146 ({RR} 7... f6 8. e4 Ne7 9. Nbd2 O-O 10. Qe2 Bc7 11. h3 Bh5 12. d4 Re8 13. c4 a5 14. Rfe1 Bf7 15. a4 Bd6 16. Bc3 Qb8 17. Rad1 Ng6 18. h4 Ne7 19. Bh3 Nf8 20. e5 fxe5 21. dxe5 Bc5 22. Ng5 {Naroditsky,D (2619)-Tang,A (2527) chess.com INT 2024 1-0 (34)}) ({RR} 7... f6 8. e4 dxe4 9. dxe4 Qc7 10. Nbd2 e5 11. Nc4 Bc5 12. Qe1 Be6 13. Qe2 Ne7 14. Nh4 O-O 15. Bf3 Rfd8 16. Bg4 Nf8 17. Rad1 Bf7 18. Bh5 g6 19. Bg4 Ne6 20. Qf3 Kg7 21. Bxe6 Bxe6 22. Nxe5 {Hoffmann,M (2467)-Keller,P (2248) Bad Homburg 2015 1-0}) 8. Bxg7 Rg8 9. Bb2 Ng6 10. e4 h5 11. h3 Bxf3 12. Qxf3 h4 13. exd5 cxd5 14. d4 Nf6 15. Nd2 Nh7 16. Rae1 Ng5 17. Qxd5 Nxh3+ 18. Kh1 hxg3 19. Rxe6+ Be7 20. Qxd8+ Rxd8 21. Rxe7+ Nxe7 22. Bxh3 g2+ 23. Bxg2 Rd6 24. Ne4 Rh6+ 25. Kg1 f5 26. Bc1 Rhg6 27. Ng5 Rxg5 28. Bxg5 Rxg5 29. Re1 Kd7 30. Kf1 b6 31. Bf3 Ng6 32. Re3 Nh4 33. c4 f4 34. Rd3 Kd6 35. b4 Nf5 36. c5+ Kc7 37. d5 bxc5 38. bxc5 1-0